000 00324nam a2200133Ia 4500
008 231129s1971||||xx |||||||||||||| ||spa||
040 _bspa
082 _a923 W766v
100 _aWindsor Eduardo
245 0 _aLa vida de un rey : memorias del duque de Windsor
260 _c1971
264 _aGrijalbo
942 _2ddc
_cBKS
999 _c18450
_d18450